| 000 | 00843nam a2200229 a 4500 | ||
|---|---|---|---|
| 001 | BRCA_412 | ||
| 005 | 20190320203010.0 | ||
| 008 | 940217s1992 gw ab c 000 0 ger | ||
| 020 | _a3893224971 (Buchhandelsausg) | ||
| 040 |
_aDLC _cDLC _dDLC |
||
| 050 | 4 |
_aNK4100 _b.B47 1992 |
|
| 245 | 1 | 0 |
_aBerlin und Brandenburg _bKeramik der 20er und 30er Jahre |
| 250 | _aKeramik-Museum Berlin. | ||
| 260 |
_aStuttgart _bCantz _c1992. |
||
| 300 |
_a260 p. _bil. (algunas a color), mapa _c29 cm. |
||
| 440 | 0 |
_aMñkische Ton-Kunst ; _vBd. 2 _91403 |
|
| 500 | _aTítulo del lomo : Keramik. | ||
| 500 | _aCatálogo de la exposición realizada en el Förderrerein Keramik Museum (Berlín), 15 Octubre 1992, 5 de Enero 1993. | ||
| 504 | _aBibliografía : p. 258-259. | ||
| 650 | 1 | 4 |
_aCerámica alemana _vExposiciones _ySiglo XX _zAlemania. _91404 |
| 942 |
_2lcc _cB |
||
| 999 |
_c347 _d347 |
||